000 00605nam a2200229Ia 4500
003 OSt
005 20220928115655.0
006 a|||||r|||| 00| 0
007 ta
008 220927b |||||||| |||| 00| 0 eng d
024 _a64418
037 _cTextual
040 _aSDCL
_cSDCL
_beng
041 _2eng
_aeng
082 _aV2:1958'N7, L3
100 _aRay Hemen
_9395868
245 0 _aIndo-Soviet relations 1955-1971
260 _aBombay
_bJaico Publishing House
_c1973
300 _axi,302p.
_ccm.
942 _hV2:1958'N7, L3
_cTEXL
_2CC
999 _c760408
_d760408